| 000 | 01091nam a2200301Ia 4500 | ||
|---|---|---|---|
| 001 | ebr10263696 | ||
| 003 | CaPaEBR | ||
| 006 | m u | ||
| 007 | cr cn||||||||| | ||
| 008 | 040227s2004 nyu sb 001 0 eng d | ||
| 010 | _z 2004043470 | ||
| 020 | _z9780195189117 | ||
| 020 | _z0195173430 | ||
| 040 |
_aCaPaEBR _cCaPaEBR |
||
| 035 | _a(OCoLC)646780431 | ||
| 050 | 1 | 4 |
_aBF575.A75 _bL39 2004eb |
| 100 | 1 |
_aLazare, Aaron, _d1936- |
|
| 245 | 1 | 0 |
_aOn apology _h[electronic resource] / _cAaron Lazare. |
| 260 |
_aNew York : _bOxford University Press, _c2004. |
||
| 300 | _axi, 306 p. | ||
| 504 | _aIncludes bibliographical references and index. | ||
| 533 |
_aElectronic reproduction. _bPalo Alto, Calif. : _cebrary, _d2009. _nAvailable via World Wide Web. _nAccess may be limited to ebrary affiliated libraries. |
||
| 650 | 0 | _aApologizing. | |
| 650 | 0 | _aSocial psychology. | |
| 655 | 7 |
_aElectronic books. _2local |
|
| 710 | 2 | _aebrary, Inc. | |
| 856 | 4 | 0 |
_uhttp://site.ebrary.com/lib/rucke/Doc?id=10263696 _zAn electronic book accessible through the World Wide Web; click to view |
| 999 |
_c27596 _d27596 |
||